[Event "OPEN JASTRZEBIE-ZDROJ 2021"]
[Site "Jastrzebie-Zdroj"]
[Date "2021.11.11"]
[Round "6.8"]
[White "Novak, Jiri"]
[Black "Trybus, Dominika"]
[Result "0-1"]
[WhiteElo "1845"]
[BlackElo "1563"]
[PlyCount "62"]
[EventDate "2021.??.??"]

1. e4 c6 2. d4 d5 3. e5 Bf5 4. h4 h5 5. Bd3 Bxd3 6. Qxd3 e6 7. Nf3 c5 8. dxc5
Bxc5 9. Qb5+ Nd7 10. O-O Qc7 11. a4 Ne7 12. Qe2 Nc6 13. Re1 Nd4 14. Nxd4 Bxd4
15. Bf4 Bxb2 16. Ra2 Bd4 17. Na3 a6 18. c4 Nb6 19. Rc2 Bc5 20. cxd5 Nxd5 21.
Bc1 Qe7 22. Nb1 b6 23. Bg5 f6 24. exf6 gxf6 25. Bd2 Kf7 26. Nc3 Nb4 27. Rb2
Rad8 28. Rf1 Nd3 29. Rbb1 Rd5 30. Ne4 Rhd8 31. Qxh5+ Rxh5 0-1

[Event "OPEN JASTRZEBIE-ZDROJ 2021"]
[Site "Jastrzebie-Zdroj"]
[Date "2021.11.11"]
[Round "6.9"]
[White "Marcinowski, Marek"]
[Black "Dylong, Antoni"]
[Result "1-0"]
[WhiteElo "1740"]
[BlackElo "1551"]
[PlyCount "67"]
[EventDate "2021.??.??"]

1. d4 c5 2. c3 Nf6 3. Nf3 d5 4. Bf4 Nc6 5. e3 Bf5 6. Qb3 Qc8 7. dxc5 e6 8. Qa3
Ne4 9. b4 a5 10. Qb2 g5 11. Nxg5 Nxg5 12. Bxg5 Bg7 13. Bb5 axb4 14. Qxb4 O-O
15. Qb2 Na7 16. Be7 Nxb5 17. Bxf8 Qxf8 18. Qxb5 Bxb1 19. Rxb1 Bxc3+ 20. Kf1 Rc8
21. g3 d4 22. exd4 Bxd4 23. Kg2 Rxc5 24. Qxb7 Rc2 25. Rhf1 Qc5 26. Qf3 f5 27.
Qa8+ Kg7 28. Rb7+ Kh6 29. Qb8 Qd5+ 30. Kh3 Bg7 31. Rb4 Rc4 32. Rxc4 Qxc4 33.
Qf4+ Qxf4 34. gxf4 1-0

[Event "OPEN JASTRZEBIE-ZDROJ 2021"]
[Site "Jastrzebie-Zdroj"]
[Date "2021.11.11"]
[Round "6.10"]
[White "Figa, Karolina"]
[Black "Bala, Bartosz"]
[Result "1/2-1/2"]
[WhiteElo "1355"]
[BlackElo "1260"]
[PlyCount "114"]
[EventDate "2021.??.??"]

1. d4 d5 2. c4 e6 3. Nc3 Nf6 4. cxd5 exd5 5. Bg5 Nbd7 6. e3 Be7 7. Bd3 c6 8.
Nge2 Nh5 9. Bxe7 Qxe7 10. O-O g6 11. Qd2 O-O 12. f3 f5 13. a3 Ndf6 14. Rae1 Bd7
15. Nc1 Rae8 16. Bc2 Qd8 17. Nd3 Bc8 18. b4 a6 19. a4 Qb6 20. Rb1 f4 21. Nxf4
Nxf4 22. exf4 Nh5 23. g3 Re7 24. Rfe1 Rxe1+ 25. Rxe1 Qxb4 26. Re5 Ng7 27. Qe3
Bf5 28. Bd1 Bd7 29. Qd3 Nf5 30. Ne2 Re8 31. Kf2 Rxe5 32. fxe5 c5 33. dxc5 Qxc5+
34. Ke1 Ne3 35. Bb3 Bf5 36. Qd4 b6 37. Kf2 Qxd4 38. Nxd4 Nc4 39. Ke2 Kf7 40. g4
Bc8 41. h4 Nxe5 42. Bxd5+ Ke7 43. Ke3 Bd7 44. Ke4 Nf7 45. Bb3 b5 46. axb5 axb5
47. Bxf7 Kxf7 48. g5 b4 49. Nb3 Be6 50. Nc5 b3 51. Na4 Bf5+ 52. Ke5 Bc2 53. Nb2
Ke7 54. f4 Kf7 55. Kd5 Bf5 56. Nc4 Bc2 57. Ke5 Ke7 1/2-1/2

[Event "OPEN JASTRZEBIE-ZDROJ 2021"]
[Site "Jastrzebie-Zdroj"]
[Date "2021.11.11"]
[Round "6.11"]
[White "Marszalek, Julian"]
[Black "Matusiak, Andrzej"]
[Result "0-1"]
[WhiteElo "1230"]
[BlackElo "1659"]
[PlyCount "90"]
[EventDate "2021.??.??"]

1. e4 e5 2. Nf3 Nc6 3. Bc4 Bc5 4. c3 d6 5. d4 exd4 6. cxd4 Bb4+ 7. Bd2 Bxd2+ 8.
Nbxd2 Bg4 9. Qb3 Qd7 10. O-O Na5 11. Qb4 Nxc4 12. Qxc4 Ne7 13. Rac1 c6 14. Rfe1
O-O 15. h3 Bxf3 16. Nxf3 Ng6 17. Re3 Rfe8 18. Rce1 Rac8 19. Qc2 a6 20. a4 h6
21. b4 Nf4 22. Nh2 Ne6 23. Qb2 Ng5 24. h4 Ne6 25. Rg3 d5 26. e5 Qe7 27. Nf3 Nf4
28. Qd2 Nh5 29. Rg4 Qe6 30. Nh2 f5 31. Rf4 Nxf4 32. Qxf4 Rf8 33. Re3 Kh7 34.
Rg3 b6 35. h5 Rce8 36. Rg6 Qd7 37. Nf3 Re6 38. Ng5+ hxg5 39. Qxg5 Qf7 40. Qh4
Rxg6 41. hxg6+ Kxg6 42. f4 Qe6 43. Kf2 Kf7 44. Qg5 Qg6 45. Qh4 Qh6 0-1

[Event "OPEN JASTRZEBIE-ZDROJ 2021"]
[Site "Jastrzebie-Zdroj"]
[Date "2021.11.11"]
[Round "6.12"]
[White "Kubiniok, Stanislaw"]
[Black "Stronczek, Karol"]
[Result "0-1"]
[WhiteElo "1318"]
[BlackElo "1285"]
[PlyCount "102"]
[EventDate "2021.??.??"]

1. d4 e6 2. Nf3 d5 3. c4 Nf6 4. Nc3 Bb4 5. cxd5 Nxd5 6. Bd2 Nxc3 7. Bxc3 Bxc3+
8. bxc3 O-O 9. e3 Nd7 10. Bd3 Nf6 11. O-O b6 12. e4 Bb7 13. Re1 Qe7 14. Qc2 Nd7
15. Rad1 Rad8 16. Re3 e5 17. d5 Nc5 18. Be2 Rfe8 19. h3 Ba6 20. Bxa6 Nxa6 21.
Nh2 Nc5 22. Nf1 Qd7 23. Rg3 Qa4 24. Qxa4 Nxa4 25. Nh2 b5 26. Ng4 Rd6 27. Rb1 a6
28. Rb4 Nc5 29. Ne3 Rb6 30. f3 a5 31. Rb1 g6 32. Kf1 Kf8 33. Ke2 h5 34. h4 b4
35. Nc4 Ra6 36. cxb4 axb4 37. Rxb4 Rxa2+ 38. Rb2 Rxb2+ 39. Nxb2 Ra8 40. Nc4 Nd7
41. Rg5 Re8 42. g4 hxg4 43. fxg4 Kg7 44. d6 c6 45. Nxe5 Rxe5 46. Rxe5 Nxe5 47.
g5 f6 48. Ke3 fxg5 49. hxg5 Kf7 50. Kd4 Nd7 51. e5 Ke6 0-1

[Event "OPEN JASTRZEBIE-ZDROJ 2021"]
[Site "Jastrzebie-Zdroj"]
[Date "2021.11.11"]
[Round "6.13"]
[White "Gawron, Tobiasz"]
[Black "Bulawa, Adam"]
[Result "1-0"]
[WhiteElo "1190"]
[BlackElo "1115"]
[PlyCount "85"]
[EventDate "2021.??.??"]

1. e4 c5 2. Nf3 e6 3. d4 cxd4 4. Nxd4 a6 5. Nc3 b5 6. a3 Bb7 7. Be3 Qc7 8. Bd3
Nf6 9. O-O Be7 10. Kh1 O-O 11. f4 d6 12. Qe1 Nbd7 13. Qg3 Rfe8 14. Rae1 e5 15.
Nf5 g6 16. Nxe7+ Rxe7 17. f5 d5 18. exd5 Nxd5 19. Nxd5 Bxd5 20. f6 Re6 21. Bg5
Bc4 22. Qh3 Qc8 23. Bxc4 bxc4 24. Re3 h5 25. Rg3 Kf8 26. Bh6+ Ke8 27. Rxg6 Kd8
28. Rg8+ Re8 29. Rxe8+ Kxe8 30. Qxh5 Rb8 31. Qg5 Kd8 32. Rb1 Qc5 33. Qg8+ Kc7
34. Qxf7 Qd4 35. h3 Qh4 36. Bg7 Qe4 37. Rd1 Rd8 38. Bf8 Qe2 39. Bd6+ Kc8 40.
Qd5 Qxd1+ 41. Qxd1 Nxf6 42. b3 c3 43. Qd3 1-0

[Event "OPEN JASTRZEBIE-ZDROJ 2021"]
[Site "Jastrzebie-Zdroj"]
[Date "2021.11.11"]
[Round "7.1"]
[White "Adamczyk, Zuzanna"]
[Black "Niedbala, Bartlomiej"]
[Result "1/2-1/2"]
[WhiteElo "2035"]
[BlackElo "2382"]
[PlyCount "113"]
[EventDate "2021.??.??"]

1. d4 Nf6 2. c4 e6 3. g3 d5 4. Bg2 Bb4+ 5. Nd2 O-O 6. cxd5 exd5 7. a3 Bd6 8.
Ngf3 Re8 9. O-O c6 10. Re1 Bf5 11. Nh4 Bg4 12. h3 Bh5 13. Nf5 Bf8 14. Nf1 Bg6
15. Nh4 Be4 16. Nf3 Bd6 17. Bf4 Bxf4 18. gxf4 Bxf3 19. Bxf3 Qd6 20. e3 Nbd7 21.
Ng3 a5 22. b3 Nf8 23. Kh1 Qe6 24. Kh2 Kh8 25. Qc2 g6 26. Rec1 N8d7 27. Bg2 Qd6
28. Qb2 Rg8 29. Kh1 h5 30. Ne2 Ne8 31. Ng1 f6 32. Nf3 Qe7 33. h4 Nd6 34. Rg1
Nf8 35. Bf1 Qe4 36. Bg2 Qf5 37. Kh2 Qd7 38. Bf1 Re8 39. Bd3 Re7 40. Rg2 Nf7 41.
Qc3 Qd8 42. Rh1 Nh6 43. Kg1 Ng4 44. Be2 Ne6 45. Kf1 Ree8 46. Ne1 Nh6 47. Qc2
Nf8 48. Bd3 Ng4 49. Rg3 Qe7 50. Be2 Nh6 51. Qb2 Nf5 52. Rgh3 Ne6 53. Nd3 Rg7
54. Rg1 Kh7 55. Bf3 Nd6 56. Kg2 b6 57. Qc2 1/2-1/2

[Event "OPEN JASTRZEBIE-ZDROJ 2021"]
[Site "Jastrzebie-Zdroj"]
[Date "2021.11.11"]
[Round "7.2"]
[White "Posluszny, Tomasz"]
[Black "Drabiniok, Kazimierz"]
[Result "1-0"]
[WhiteElo "2034"]
[BlackElo "1856"]
[PlyCount "145"]
[EventDate "2021.??.??"]

1. d4 d6 2. Nf3 g6 3. b3 Bg7 4. Bb2 Bg4 5. e3 Nd7 6. Be2 c6 7. c4 e5 8. Nc3 f5
9. O-O Ne7 10. dxe5 Bxf3 11. Bxf3 Nxe5 12. Be2 O-O 13. Qd2 Qc7 14. Rad1 Rad8
15. f4 Nf7 16. Bf3 Rfe8 17. Rfe1 a6 18. Qc1 Rd7 19. e4 Red8 20. exf5 Nxf5 21.
Ne4 Nh4 22. Bxg7 Nxf3+ 23. gxf3 Kxg7 24. Qc3+ Kf8 25. Nf6 Re7 26. Nxh7+ Kg8 27.
Nf6+ Kf8 28. Nh7+ Kg8 29. Qf6 Rxe1+ 30. Rxe1 Kxh7 31. Re7 Qb6+ 32. Kg2 Rf8 33.
Rxf7+ Rxf7 34. Qxf7+ Kh6 35. Qf8+ Kh7 36. Qf7+ Kh6 37. f5 gxf5 38. Qf6+ Kh7 39.
Qxf5+ Kg7 40. Qd7+ Kg8 41. Qe6+ Kg7 42. Qxd6 Qe3 43. Qg3+ Kh8 44. Qb8+ Kg7 45.
Qxb7+ Kh8 46. Qb8+ Kh7 47. Qc7+ Kh8 48. Qc8+ Kh7 49. Qf5+ Kg7 50. Qe4 Qd2+ 51.
Kg3 Qxa2 52. Qxc6 Qxb3 53. Qxa6 Qb8+ 54. Kh3 Qf4 55. Qb7+ Kf8 56. Qe4 Qh6+ 57.
Kg3 Qb6 58. Qf5+ Kg8 59. c5 Qc7+ 60. Kg4 Qa5 61. c6 Qe1 62. Qd5+ Kh8 63. Qd8+
Kg7 64. Qd6 Qg1+ 65. Qg3 Qd4+ 66. f4 Qd1+ 67. Kh4+ Kh7 68. Qe3 Qd8+ 69. Kg3 Qd6
70. Qe4+ Kh6 71. h4 Qf6 72. h5 Qc3+ 73. Kg4 1-0

[Event "OPEN JASTRZEBIE-ZDROJ 2021"]
[Site "Jastrzebie-Zdroj"]
[Date "2021.11.11"]
[Round "7.3"]
[White "Herwy, Jakub"]
[Black "Seemann, Pola"]
[Result "1-0"]
[WhiteElo "1866"]
[BlackElo "1491"]
[PlyCount "59"]
[EventDate "2021.??.??"]

1. e4 e5 2. Nc3 Nf6 3. f4 d5 4. fxe5 Nxe4 5. Qf3 f5 6. d3 Nxc3 7. bxc3 d4 8.
Be2 Nc6 9. Qg3 Be6 10. Nh3 Qd7 11. O-O Bc5 12. c4 O-O 13. Bf3 Rae8 14. Bf4 Ne7
15. Ng5 Kh8 16. Rab1 b6 17. Qh3 Bg8 18. e6 Qd8 19. Bh5 Qc8 20. Bf7 Bd6 21. Bxd6
cxd6 22. Bxg8 h6 23. Bf7 Rd8 24. Rxf5 d5 25. Rf3 dxc4 26. Ne4 cxd3 27. cxd3 Qc2
28. Rbf1 Qxa2 29. Rf6 Ng8 30. e7 1-0

[Event "OPEN JASTRZEBIE-ZDROJ 2021"]
[Site "Jastrzebie-Zdroj"]
[Date "2021.11.11"]
[Round "7.4"]
[White "Piechota, Kamil"]
[Black "Tomanec, Samuel"]
[Result "1-0"]
[WhiteElo "1752"]
[BlackElo "1464"]
[PlyCount "39"]
[EventDate "2021.??.??"]

1. e4 e5 2. Nf3 Nc6 3. Bc4 Nf6 4. Ng5 Bc5 5. Nxf7 Bxf2+ 6. Kf1 Qe7 7. Nxh8 Qc5
8. d3 d5 9. Bxd5 Bg1 10. Rxg1 Ng4 11. Bxc6+ bxc6 12. Qe1 Nxh2+ 13. Ke2 Bg4+ 14.
Kd2 O-O-O 15. Qe3 Qxe3+ 16. Kxe3 Rf8 17. Nd2 Bd1 18. Nf3 Bxf3 19. gxf3 Rxf3+
20. Kd2 1-0

[Event "OPEN JASTRZEBIE-ZDROJ 2021"]
[Site "Jastrzebie-Zdroj"]
[Date "2021.11.11"]
[Round "7.5"]
[White "Radzimski, Antoni"]
[Black "Tymrakiewicz, Rafal"]
[Result "0-1"]
[WhiteElo "1581"]
[BlackElo "2225"]
[PlyCount "68"]
[EventDate "2021.??.??"]

1. e4 Nf6 2. e5 Nd5 3. c4 Nb6 4. d4 d6 5. f4 dxe5 6. fxe5 Bf5 7. Nf3 e6 8. Be3
c5 9. Nc3 cxd4 10. Nxd4 Nc6 11. Nxf5 exf5 12. Qxd8+ Rxd8 13. a3 Nxe5 14. Bxb6
axb6 15. Nd5 Bd6 16. Be2 O-O 17. O-O b5 18. Rxf5 bxc4 19. Kh1 f6 20. Rc1 b5 21.
Nc3 b4 22. axb4 Bxb4 23. Rf4 Bxc3 24. Rxc3 Rd2 25. Re4 Rb8 26. Rc1 Rbxb2 27.
Bxc4+ Nxc4 28. Rexc4 Rxg2 29. h4 h5 30. Rc8+ Kh7 31. R8c4 Kh6 32. R1c3 Rh2+ 33.
Kg1 Rbg2+ 34. Kf1 Rg4 0-1

[Event "OPEN JASTRZEBIE-ZDROJ 2021"]
[Site "Jastrzebie-Zdroj"]
[Date "2021.11.11"]
[Round "7.6"]
[White "Zabystrzan, Pavel"]
[Black "Marcinowski, Marek"]
[Result "1-0"]
[WhiteElo "2199"]
[BlackElo "1740"]
[PlyCount "99"]
[EventDate "2021.??.??"]

1. Nf3 c6 2. c4 d5 3. e3 Nf6 4. Nc3 Bf5 5. d4 e6 6. Bd3 dxc4 7. Bxc4 Nbd7 8.
Qe2 Bb4 9. O-O O-O 10. Bd2 Rc8 11. a3 Ba5 12. b4 Bc7 13. Rfd1 Ne4 14. Nxe4 Bxe4
15. Bc3 Nb6 16. Bb3 Nd5 17. Bb2 Qf6 18. Nd2 Qh6 19. g3 Bg6 20. e4 Bh5 21. f3
Nf6 22. Kg2 Rfd8 23. Nf1 Rd7 24. Rd3 Rcd8 25. Qe3 Qxe3 26. Nxe3 Bg6 27. Rd2 Bb6
28. Rad1 a5 29. Nc4 Bc7 30. Nxa5 Bxa5 31. bxa5 Ne8 32. Bc3 Nc7 33. Bb4 f6 34.
Bc5 Bf7 35. Bb6 Ra8 36. Kf2 Nb5 37. a4 Nc7 38. Ke3 Kf8 39. Bc4 Ne8 40. Rb1 Nd6
41. Be2 Nc8 42. Bc5+ Ke8 43. a6 bxa6 44. Rdb2 e5 45. dxe5 fxe5 46. Rb8 Rxb8 47.
Rxb8 Rd8 48. Bxa6 Kd7 49. Rb7+ Ke8 50. Rc7 1-0

[Event "OPEN JASTRZEBIE-ZDROJ 2021"]
[Site "Jastrzebie-Zdroj"]
[Date "2021.11.11"]
[Round "7.7"]
[White "Trybus, Dominika"]
[Black "Gepfert, Cyprian"]
[Result "0-1"]
[WhiteElo "1563"]
[BlackElo "1745"]
[PlyCount "68"]
[EventDate "2021.??.??"]

1. e4 c5 2. c3 g6 3. d4 cxd4 4. Qxd4 Nf6 5. e5 Nc6 6. Qf4 Nd5 7. Qe4 Nb6 8. Nf3
d5 9. exd6 Bf5 10. dxe7 Bxe7 11. Qe2 O-O 12. Be3 Re8 13. g3 Nd5 14. Nbd2 Bc5
15. Bxc5 Rxe2+ 16. Bxe2 Qe8 17. Nb3 Bd3 18. Nbd4 Bxe2 19. Nxe2 Qe4 20. O-O Qxe2
21. Nd4 Qxb2 22. Nxc6 bxc6 23. Bd4 Re8 24. Rab1 Qxa2 25. Rb7 a6 26. Rfb1 f6 27.
Kg2 Qe2 28. Bc5 Nxc3 29. Rc1 Nd5 30. Rcb1 Qg4 31. Bd6 Qe4+ 32. Kg1 Nc3 33. R1b4
Ne2+ 34. Kf1 Qh1# 0-1

[Event "OPEN JASTRZEBIE-ZDROJ 2021"]
[Site "Jastrzebie-Zdroj"]
[Date "2021.11.11"]
[Round "7.8"]
[White "Wojs, Alicja"]
[Black "Zmarzly, Wiktor"]
[Result "1/2-1/2"]
[WhiteElo "1375"]
[BlackElo "1665"]
[PlyCount "87"]
[EventDate "2021.??.??"]

1. e4 c5 2. Nf3 Nc6 3. d4 cxd4 4. Nxd4 Nf6 5. Nc3 d6 6. f3 e5 7. Nb3 Be6 8. Be3
d5 9. exd5 Nxd5 10. Nxd5 Bxd5 11. Qd2 Be6 12. O-O-O Be7 13. Qxd8+ Rxd8 14. Be2
O-O 15. Kb1 f6 16. Nc5 Bxc5 17. Bxc5 Rfe8 18. Bb5 Rc8 19. Rd6 Kf7 20. Rhd1 a6
21. Bxc6 Rxc6 22. Rxc6 bxc6 23. Rd6 Rc8 24. a3 h5 25. Kc1 Bf5 26. c3 Be6 27.
Kd2 f5 28. Ke3 g5 29. Rd2 Bd5 30. Kf2 Kf6 31. Re2 Re8 32. b4 f4 33. Rd2 Kf5 34.
a4 Bb3 35. a5 Bd5 36. Rd1 g4 37. Re1 h4 38. Bd6 Re6 39. fxg4+ Kxg4 40. Bxe5 Kf5
41. Bd4 Rxe1 42. Kxe1 Bxg2 43. Kf2 Bd5 44. Bc5 1/2-1/2

[Event "OPEN JASTRZEBIE-ZDROJ 2021"]
[Site "Jastrzebie-Zdroj"]
[Date "2021.11.11"]
[Round "7.9"]
[White "Matusiak, Andrzej"]
[Black "Gawron, Tobiasz"]
[Result "1/2-1/2"]
[WhiteElo "1659"]
[BlackElo "1190"]
[PlyCount "71"]
[EventDate "2021.??.??"]

1. e4 c5 2. Nf3 e6 3. b3 Nc6 4. Bb2 Nf6 5. d3 Be7 6. Be2 O-O 7. O-O d5 8. exd5
exd5 9. Nbd2 Bg4 10. h3 Bh5 11. Ne5 Bxe2 12. Qxe2 Nxe5 13. Qxe5 Bd6 14. Qf5 d4
15. Ne4 Nxe4 16. Qxe4 Qd7 17. Rfe1 Rfe8 18. Qf3 b6 19. Kf1 Rad8 20. Rxe8+ Rxe8
21. Re1 h6 22. Bc1 Kf8 23. Qd5 Rxe1+ 24. Kxe1 Ke7 25. f4 Qe6+ 26. Qe4 Qxe4+ 27.
dxe4 Ke6 28. Ke2 f5 29. exf5+ Kxf5 30. g4+ Ke4 31. f5 b5 32. Bd2 b4 33. Be1 Be5
34. Bh4 Bf6 35. Bg3 Be5 36. Bh4 1/2-1/2

[Event "OPEN JASTRZEBIE-ZDROJ 2021"]
[Site "Jastrzebie-Zdroj"]
[Date "2021.11.11"]
[Round "7.10"]
[White "Bala, Bartosz"]
[Black "Golis, Wiktor"]
[Result "0-1"]
[WhiteElo "1260"]
[BlackElo "1591"]
[PlyCount "98"]
[EventDate "2021.??.??"]

1. e4 c5 2. Nf3 d6 3. d4 cxd4 4. Nxd4 Nf6 5. Nc3 a6 6. Be2 e5 7. Nb3 Be7 8. f4
Nbd7 9. O-O O-O 10. Kh1 b5 11. a3 Bb7 12. Bf3 Rc8 13. Be3 exf4 14. Bxf4 Ne5 15.
Bxe5 dxe5 16. Qe2 Qc7 17. Rad1 b4 18. axb4 Bxb4 19. Rd3 a5 20. Re3 Qc6 21. Ra1
Ba6 22. Qf2 Qc7 23. h3 Bc4 24. Nd2 Be6 25. Nd5 Bxd5 26. exd5 Bc5 27. Nc4 Bxe3
28. Nxe3 Qb6 29. Qd2 Qxb2 30. Rxa5 e4 31. Bg4 Qc3 32. Qxc3 Rxc3 33. Nf5 Nxg4
34. Ne7+ Kh8 35. hxg4 e3 36. d6 e2 37. Re5 Rxc2 38. Kh2 Rd2 39. Nf5 g6 40. Ng3
Rxd6 41. Rxe2 Rd4 42. Kh3 Rc8 43. Nf1 Rcc4 44. Ne3 Rc3 45. g3 Re4 46. Nd5 Rxg3+
47. Kxg3 Rxe2 48. g5 Re5 49. Nf4 Rxg5+ 0-1

[Event "OPEN JASTRZEBIE-ZDROJ 2021"]
[Site "Jastrzebie-Zdroj"]
[Date "2021.11.11"]
[Round "7.11"]
[White "Stronczek, Karol"]
[Black "Chaber, Dominik"]
[Result "1/2-1/2"]
[WhiteElo "1285"]
[BlackElo "1214"]
[PlyCount "62"]
[EventDate "2021.??.??"]

1. b4 Nf6 2. Bb2 e6 3. a3 b6 4. e3 Bb7 5. Nf3 Nc6 6. d4 d5 7. c4 a6 8. Nbd2 Be7
9. Be2 h6 10. O-O Nd7 11. Qc2 Bf6 12. c5 bxc5 13. bxc5 g5 14. Rfb1 Bc8 15. Bc3
Nf8 16. Ne1 h5 17. h3 Ng6 18. Nd3 Bg7 19. Nb4 Nxb4 20. Rxb4 g4 21. hxg4 hxg4
22. Bxg4 Qh4 23. Bh3 e5 24. Nf3 Qh6 25. Qa4+ Ke7 26. Qc6 Bxh3 27. Qxc7+ Bd7 28.
Qd6+ Ke8 29. Rb8+ Rxb8 30. Qxb8+ Ke7 31. Qd6+ Ke8 1/2-1/2

[Event "OPEN JASTRZEBIE-ZDROJ 2021"]
[Site "Jastrzebie-Zdroj"]
[Date "2021.11.11"]
[Round "7.14"]
[White "Ziebura, Paulina"]
[Black "Figa, Karolina"]
[Result "1-0"]
[WhiteElo "1559"]
[BlackElo "1355"]
[PlyCount "79"]
[EventDate "2021.??.??"]

1. c4 Nf6 2. Nc3 g6 3. g3 Bg7 4. Bg2 d6 5. d3 c6 6. e4 O-O 7. Nge2 e5 8. O-O
Be6 9. f4 Qb6+ 10. Kh1 Ng4 11. Qe1 f5 12. h3 Ne3 13. Bxe3 Qxe3 14. Rf3 Qb6 15.
Rb1 a5 16. a3 a4 17. Qd1 Qa5 18. exf5 Bxf5 19. g4 Be6 20. Ne4 d5 21. Ng5 Bd7
22. cxd5 Qxd5 23. Rf1 Qd6 24. Ne4 Qc7 25. fxe5 Rxf1+ 26. Qxf1 Qxe5 27. d4 Qe7
28. N2c3 Bxd4 29. Qc4+ Be6 30. Qxd4 Nd7 31. Nxa4 Rd8 32. Qd6 Qe8 33. Rf1 Kg7
34. Qd4+ Kg8 35. Nf6+ Nxf6 36. Qxf6 Bc4 37. Rf2 Rd1+ 38. Kh2 Qb8+ 39. Qf4 Qd8
40. Qxc4+ 1-0

[Event "OPEN JASTRZEBIE-ZDROJ 2021"]
[Site "Jastrzebie-Zdroj"]
[Date "2021.11.11"]
[Round "7.15"]
[White "Kordela, Kamil"]
[Black "Lajdamik, Kinga"]
[Result "1-0"]
[WhiteElo "1343"]
[BlackElo "1307"]
[PlyCount "65"]
[EventDate "2021.??.??"]

1. d4 Nf6 2. c4 e6 3. Nc3 Bb4 4. Nf3 O-O 5. Bg5 d6 6. e3 Nbd7 7. Bd3 h6 8. Bh4
c5 9. O-O Bxc3 10. bxc3 Qc7 11. Re1 b6 12. e4 Bb7 13. d5 exd5 14. exd5 Rfe8 15.
Qc2 a5 16. a4 Ba6 17. h3 Rab8 18. Re2 Rxe2 19. Qxe2 Re8 20. Qd2 Nh7 21. Re1 Ne5
22. Nxe5 dxe5 23. Bg3 Qd6 24. Qe2 f6 25. Qe4 Nf8 26. f4 Qd7 27. fxe5 fxe5 28.
Bxe5 Qxa4 29. Rf1 Qd7 30. Qf4 Bxc4 31. Bxc4 Ng6 32. d6+ Kh8 33. Qxh6# 1-0

[Event "OPEN JASTRZEBIE-ZDROJ 2021"]
[Site "Jastrzebie-Zdroj"]
[Date "2021.11.11"]
[Round "7.16"]
[White "Kubiniok, Stanislaw"]
[Black "Marszalek, Julian"]
[Result "0-1"]
[WhiteElo "1318"]
[BlackElo "1230"]
[PlyCount "68"]
[EventDate "2021.??.??"]

1. d4 Nf6 2. Nf3 g6 3. c4 Bg7 4. Nc3 O-O 5. e4 d6 6. h3 Nbd7 7. Be3 e5 8. d5
Ne8 9. Bd3 h6 10. Qd2 g5 11. O-O-O a5 12. Rdg1 b6 13. g4 Nc5 14. Bc2 a4 15. a3
Bd7 16. h4 f6 17. hxg5 fxg5 18. Ne1 Nf6 19. f3 Nh7 20. Rg3 Qc8 21. Rgh3 Rf6 22.
Ne2 Qb7 23. Ng3 b5 24. cxb5 Qxb5 25. Nh5 Rg6 26. Nxg7 Kxg7 27. Qc3 Nb3+ 28. Kb1
Qb7 29. Bd1 Rb8 30. f4 gxf4 31. Bxf4 Bxg4 32. Bxg4 Rxg4 33. Bxh6+ Kh8 34. Qf3
Nd2+ 0-1

[Event "OPEN JASTRZEBIE-ZDROJ 2021"]
[Site "Jastrzebie-Zdroj"]
[Date "2021.11.12"]
[Round "8.1"]
[White "Niedbala, Bartlomiej"]
[Black "Piechota, Kamil"]
[Result "1-0"]
[WhiteElo "2382"]
[BlackElo "1752"]
[PlyCount "55"]
[EventDate "2021.??.??"]

1. Nf3 Nf6 2. g3 g6 3. b3 Bg7 4. Bb2 O-O 5. Bg2 d6 6. d4 Nbd7 7. O-O Re8 8. a4
Rb8 9. c4 b6 10. Nc3 Bb7 11. Qc2 e5 12. Rad1 e4 13. Ng5 Ng4 14. Ngxe4 f5 15. h3
Nh6 16. Nd2 Bxg2 17. Kxg2 Bxd4 18. Nf3 Bg7 19. Nd5 Nf6 20. e3 Nf7 21. Nd4 Nxd5
22. cxd5 Bxd4 23. Rxd4 b5 24. a5 Ng5 25. Rc1 Rb7 26. Qc6 Qb8 27. Qc3 Re7 28.
Rh4 1-0

[Event "OPEN JASTRZEBIE-ZDROJ 2021"]
[Site "Jastrzebie-Zdroj"]
[Date "2021.11.12"]
[Round "8.2"]
[White "Posluszny, Tomasz"]
[Black "Adamczyk, Zuzanna"]
[Result "1/2-1/2"]
[WhiteElo "2034"]
[BlackElo "2035"]
[PlyCount "55"]
[EventDate "2021.??.??"]

1. d4 d5 2. Nc3 Nf6 3. Bf4 a6 4. e3 Bf5 5. f3 c5 6. dxc5 Nc6 7. Bd3 Bxd3 8.
Qxd3 e6 9. O-O-O Bxc5 10. g4 Qa5 11. Kb1 Rd8 12. Nge2 b5 13. Nd4 Qb6 14. Nb3
Bd6 15. Bxd6 Rxd6 16. g5 Ne5 17. Qd4 Nfd7 18. f4 Qxd4 19. Nxd4 Nc4 20. Rhe1 Nc5
21. Nb3 Rc6 22. e4 Nxe4 23. Nxe4 dxe4 24. Rxe4 Ke7 25. Nd4 Rc5 26. Nb3 Rc6 27.
Nd4 Rc5 28. Nb3 1/2-1/2

[Event "OPEN JASTRZEBIE-ZDROJ 2021"]
[Site "Jastrzebie-Zdroj"]
[Date "2021.11.12"]
[Round "8.3"]
[White "Zabystrzan, Pavel"]
[Black "Herwy, Jakub"]
[Result "1/2-1/2"]
[WhiteElo "2199"]
[BlackElo "1866"]
[PlyCount "73"]
[EventDate "2021.??.??"]

1. Nf3 Nf6 2. g3 g6 3. b3 Bg7 4. Bb2 O-O 5. Bg2 c5 6. O-O d6 7. c4 Nc6 8. Nc3
Bd7 9. d4 cxd4 10. Nxd4 Nxd4 11. Qxd4 Bc6 12. Nd5 Bxd5 13. Bxd5 Qd7 14. Rfd1
Ne8 15. Qd2 Rc8 16. Rac1 b6 17. h4 h5 18. Bg2 Kh7 19. Kh2 Bxb2 20. Qxb2 f5 21.
f4 Nf6 22. Bf3 Qe6 23. Qd4 Rfd8 24. Re1 Qf7 25. Rcd1 Rd7 26. Kg2 Rc5 27. e4 e5
28. fxe5 dxe5 29. Qe3 fxe4 30. Bxe4 Ng4 31. Qe2 Rd4 32. Qf3 Qxf3+ 33. Bxf3 Rxd1
34. Bxd1 Nf6 35. Bc2 Kg7 36. Kf3 b5 37. Bd3 1/2-1/2

[Event "OPEN JASTRZEBIE-ZDROJ 2021"]
[Site "Jastrzebie-Zdroj"]
[Date "2021.11.12"]
[Round "8.4"]
[White "Tymrakiewicz, Rafal"]
[Black "Gepfert, Cyprian"]
[Result "1-0"]
[WhiteElo "2225"]
[BlackElo "1745"]
[PlyCount "67"]
[EventDate "2021.??.??"]

1. d4 Nf6 2. Nf3 g6 3. c4 Bg7 4. Nc3 d5 5. e3 O-O 6. cxd5 Nxd5 7. Bc4 Nxc3 8.
bxc3 c5 9. O-O Nc6 10. Ba3 Na5 11. Be2 b6 12. dxc5 Bxc3 13. Rc1 Bf6 14. Qa4 Bd7
15. Qf4 Qb8 16. Qh6 Bg7 17. Qh4 Bf6 18. Ng5 h5 19. f4 Kg7 20. Qg3 Rh8 21. h4
bxc5 22. Rxc5 Qb6 23. Ne4 Kh6 24. f5 Nb7 25. Rd5 Bc6 26. Nxf6 exf6 27. Rd4 Qa5
28. fxg6 Qe5 29. Qf4+ Kxg6 30. Bb2 Rag8 31. Rb4 Qxf4 32. Rbxf4 Rh6 33. Rxf6+
Kh7 34. Rxf7+ 1-0

[Event "OPEN JASTRZEBIE-ZDROJ 2021"]
[Site "Jastrzebie-Zdroj"]
[Date "2021.11.12"]
[Round "8.5"]
[White "Drabiniok, Kazimierz"]
[Black "Tomanec, Samuel"]
[Result "1-0"]
[WhiteElo "1856"]
[BlackElo "1464"]
[PlyCount "97"]
[EventDate "2021.??.??"]

1. e4 e5 2. Qh5 Nc6 3. Bc4 Qf6 4. c3 g6 5. Qf3 Bg7 6. d3 Qxf3 7. Nxf3 Nge7 8.
Bg5 d6 9. Nbd2 Bg4 10. h3 Bxf3 11. Nxf3 h6 12. Be3 Na5 13. Bb5+ c6 14. Ba4 b5
15. Bc2 Nb7 16. a4 a6 17. axb5 cxb5 18. Ke2 d5 19. Bb3 dxe4 20. dxe4 O-O 21.
Rhd1 Rfd8 22. Bb6 Rxd1 23. Rxd1 Nc6 24. Rd7 Nbd8 25. Bd5 Rc8 26. Rd6 Bf8 27.
Rxg6+ Kh7 28. Rg3 Ne6 29. Nh4 Nf4+ 30. Kd2 Be7 31. Nf5 Bg5 32. Kc2 Nb4+ 33. Kb3
Nbxd5 34. exd5 Nxd5 35. Be3 Nxe3 36. Nxe3 Bxe3 37. Rxe3 Re8 38. Kb4 Re6 39. Kc5
Kg6 40. Kd5 Kf5 41. b3 a5 42. c4 a4 43. cxb5 a3 44. b4 a2 45. Ra3 e4 46. Rxa2
Re5+ 47. Kc4 Re8 48. b6 Rc8+ 49. Kb5 1-0

[Event "OPEN JASTRZEBIE-ZDROJ 2021"]
[Site "Jastrzebie-Zdroj"]
[Date "2021.11.12"]
[Round "8.6"]
[White "Golis, Wiktor"]
[Black "Seemann, Pola"]
[Result "1-0"]
[WhiteElo "1591"]
[BlackElo "1491"]
[PlyCount "87"]
[EventDate "2021.??.??"]

1. d4 Nf6 2. c4 e6 3. Nf3 b6 4. a3 Bb7 5. Nc3 Be7 6. d5 O-O 7. e4 d6 8. Bd3 c5
9. O-O e5 10. Ne1 Nfd7 11. f4 Bf6 12. f5 Kh8 13. Kh1 g6 14. Nb5 Be7 15. fxg6
fxg6 16. Nf3 a6 17. Nc3 Bf6 18. Be3 Bc8 19. Qd2 Bg7 20. h3 Nf6 21. a4 Nh5 22.
Kh2 Nf4 23. Ne2 Nxd3 24. Qxd3 Ra7 25. Rf2 Raf7 26. Neg1 Bf6 27. Bh6 Rg8 28. Ng5
Rff8 29. h4 Bg7 30. Rf7 Qe8 31. Raf1 Bf5 32. Bxg7+ Rxg7 33. Rxf8+ Qxf8 34. exf5
Rg8 35. f6 Nd7 36. f7 Rg7 37. Ne6 Qe7 38. f8=Q+ Nxf8 39. Rxf8+ Rg8 40. Rxg8+
Kxg8 41. g3 Qf6 42. Qf3 Qe7 43. Ne2 a5 44. Nc3 1-0

[Event "OPEN JASTRZEBIE-ZDROJ 2021"]
[Site "Jastrzebie-Zdroj"]
[Date "2021.11.12"]
[Round "8.7"]
[White "Marcinowski, Marek"]
[Black "Wojs, Alicja"]
[Result "0-1"]
[WhiteElo "1740"]
[BlackElo "1375"]
[PlyCount "78"]
[EventDate "2021.??.??"]

1. d4 d5 2. Nf3 Nf6 3. Bf4 Bf5 4. e3 e6 5. Nbd2 c6 6. Be2 Nbd7 7. Nh4 Bg6 8.
Nxg6 hxg6 9. h3 Be7 10. O-O O-O 11. c4 Re8 12. Qb3 Qb6 13. c5 Qxb3 14. axb3 Bf8
15. Nf3 Ne4 16. Bd3 f5 17. b4 a6 18. Ne5 Nxe5 19. Bxe5 Be7 20. g4 Bf6 21. Bc7
Bd8 22. Be5 Bf6 23. Bh2 Nd2 24. Rfd1 Nf3+ 25. Kg2 Nxh2 26. Kxh2 e5 27. Bf1 exd4
28. exd4 Re4 29. gxf5 gxf5 30. Bd3 Rxd4 31. Bxf5 Rxb4 32. Rd2 Bxb2 33. Rg1 a5
34. Re2 Bf6 35. Bg6 Rb2 36. Re6 Bd4 37. Rge1 Rxf2+ 38. Kg3 Rff8 39. Re7 Bf2+
0-1